แสดงรายละเอียดบรรณานุกรม
  กลับหน้าหลัก

Brief Record : Get Marc (ISO 2709) : E-mail record : QR code ปิดหน้าต่าง
สารบัญ Review โดย
ใช้งานได้ทุกระบบ
ห้องสมุด วพบ.ขอนแก่น
ใช้งานได้ทุกระบบ เมื่อ20/มกราคม/2558
  • 8 ระบบไหลเวียนเลือด
  • 9 ระบบหายใจ
  • 10 เมแทบอลิซึม
  • 11 ระบบทางเดินอาหาร
  • 12 ระบบขับถ่ายปัสสาวะ
  • 13 ระบบสืบพันธุ์

E-books : เกี่ยวกับ Collections
LEADER 00000nama 2200000uu 4500
001    199478
003     ULIBM
008    040531s|||| th m m a000 0 tha d
020    974-993-057-6
041    tha
050    QT 4 ส356 ล.2 2549.
100    วัฒนา วัฒนาภา.
245    สรีรวิทยา 2 / วัฒนา วัฒนาภา, บรรณาธิการ.
250    5
260    2549. กรุงเทพฯ. ภาควิชาสรีรวิทยา คณะแพทยศาสตร์ศิริราชพยาบาล มหาวิทยาลัยมหิดล.
300    775 หน้า.
600    1.วัฒนา วัฒนาภา, บรรณาธิการ 2.มหาวิทยาลัยมหิดล คณะแพทยศาสตร์ศิริราชพยาบาล ภาควิชาสรีรวิทยา.
650    อนามัยสื่งแวดล้อม สำรวจ ชื่อเรื่อง
รายการนี้ยังไม่มีแท็ก
คุณยังไม่ได้ล็อกอิน คุณสามารถมีกิจกรรมร่วมกับเว็บไซต์ได้ แต่ต้องล็อกอินก่อน ::
  ล็อกอิน
ลำดับที่ ประเภท เลขเรียก สถานที่ สถานะ
1. หนังสือทั่วไป
หนังสือทั่วไป
QT 4 ส356 ล.2 2549.  
  
หนังสือทั่วไป On Shelf
  ขอยืม
2. หนังสือทั่วไป
หนังสือทั่วไป
สถานะ=หนังสือเก่า - บริการ ณ ห้องสมุด (ห้องเหลือง)
QT 4 ส356 ล.2 2549.  
  
หนังสือทั่วไป On Shelf
  ขอยืม
3. หนังสือทั่วไป
หนังสือทั่วไป
สถานะ=หนังสือเก่า - บริการ ณ ห้องสมุด (ห้องเหลือง)
QT 4 ส356 ล.2 2549.  
  
หนังสือทั่วไป On Shelf
  ขอยืม
4. หนังสือทั่วไป
หนังสือทั่วไป
สถานะ=หนังสือเก่า - บริการ ณ ห้องสมุด (ห้องเหลือง)
QT 4 ส356 ล.2 2549.  
  
หนังสือทั่วไป On Shelf
  ขอยืม
5. หนังสือทั่วไป
หนังสือทั่วไป
สถานะ=หนังสือเก่า - บริการ ณ ห้องสมุด (ห้องเหลือง)
QT 4 ส356 ล.2 2549.  
  
หนังสือทั่วไป On Shelf
  ขอยืม
   [แสดง 5/5 รายการ]

BibComment


ยังไม่เคยถูกคอมเมนท์

คอมเมนท์ทรัพยากรรายการนี้
  คอมเมนท์: สรีรวิทยา 2 วัฒน..
Bib 199478

 
 
 

 Union Library Management : ULibM
Copyright 2026. All Rights Reserved.
скачать бесплатно без регистрации порно красивый секс HD Sex Hindi sex

xxx gou

xxxx

bfxxx

xxxwww

Секса Видео

xxxx

Секса Видео

detube

geilexxx

C99 Shell

worms shell

blod xxx video
Ebony Coed Rihanna Rimes Takes A Dick In Her Young Twat priyaa indian fuck anal and pusssy hardcore indian women xxx desi hardcore fucking part 1 bengalixxxcouple